Vive La France! (Record no. 74818)

MARC details
000 -LEADER
fixed length control field 00838cab a2200229 4500
001 - CONTROL NUMBER
control field ABS68692
008 - FIXED-LENGTH DATA ELEMENTS--GENERAL INFORMATION
fixed length control field 050221n2005 000 0 eng u
035 ## - SYSTEM CONTROL NUMBER
System control number (Sirsi) u128850
100 ## - MAIN ENTRY--PERSONAL NAME
Personal name Soltani, S.
245 ## - TITLE STATEMENT
Title Vive La France!
260 ## - PUBLICATION, DISTRIBUTION, ETC.
Date of publication, distribution, etc. 2005
490 ## - SERIES STATEMENT
Series statement Building
Volume/sequential designation 270(8365) 21 January 2005, 38-55(14)
520 ## - SUMMARY, ETC.
Summary, etc. Summarises "Building's" roundup of the 300 biggest European contractors in 2004 which reveals that French firms Vinci and Bouygues are now at the top. Includes tables of the top companies with details of their rankings in 2003, their turnover in 2003/2004 and the percentage of their foreign turnover.
590 ## - LOCAL NOTE (RLIN)
Local note ABS
650 ## - SUBJECT ADDED ENTRY--TOPICAL TERM
Topical term or geographic name entry element EUROPE
650 ## - SUBJECT ADDED ENTRY--TOPICAL TERM
Topical term or geographic name entry element FRANCE
650 ## - SUBJECT ADDED ENTRY--TOPICAL TERM
Topical term or geographic name entry element RANKINGS
650 ## - SUBJECT ADDED ENTRY--TOPICAL TERM
Topical term or geographic name entry element BUILDING CONTRACTORS
650 ## - SUBJECT ADDED ENTRY--TOPICAL TERM
Topical term or geographic name entry element CONSTRUCTION FIRMS
690 ## - LOCAL SUBJECT ADDED ENTRY--TOPICAL TERM (OCLC, RLIN)
Topical term or geographic name as entry element BUILT ENVIRONMENT
942 ## - ADDED ENTRY ELEMENTS (KOHA)
Suppress in OPAC 0
Holdings
Withdrawn status Lost status Source of classification or shelving scheme Damaged status Not for loan Home library Current library Shelving location Date acquired Total Checkouts Full call number Barcode Date last seen Copy number Price effective from Koha item type
    Dewey Decimal Classification     London London Journal article 21/02/2005   ABS68692 128850-1001 06/08/2019 1 06/08/2019 Journal article